Machine Learning with Python for Everyone (Record no. 12565)

MARC details
000 -LEADER
fixed length control field 00377nam a22001577a 4500
003 - CONTROL NUMBER IDENTIFIER
control field OSt
008 - FIXED-LENGTH DATA ELEMENTS--GENERAL INFORMATION
fixed length control field 240427b |||||||| |||| 00| 0 eng d
020 ## - INTERNATIONAL STANDARD BOOK NUMBER
International Standard Book Number 9789353944902
082 ## - DEWEY DECIMAL CLASSIFICATION NUMBER
Classification number 006.31 FEM
100 ## - MAIN ENTRY--PERSONAL NAME
Personal name FENNER, Mark E
245 ## - TITLE STATEMENT
Title Machine Learning with Python for Everyone
250 ## - EDITION STATEMENT
Edition statement 7th IMP
260 ## - PUBLICATION, DISTRIBUTION, ETC. (IMPRINT)
Place of publication, distribution, etc Noida
Name of publisher, distributor, etc Pearson
Date of publication, distribution, etc 2024
300 ## - PHYSICAL DESCRIPTION
Extent 473
942 ## - ADDED ENTRY ELEMENTS (KOHA)
Source of classification or shelving scheme Dewey Decimal Classification
Koha item type Text Books
Holdings
Withdrawn status Lost status Source of classification or shelving scheme Damaged status Not for loan Collection code Home library Current library Date acquired Source of acquisition Currency Cost, normal purchase price Bill Number Total Checkouts Full call number Acc. no. / Barcode Date last seen Actual Cost, discounted price Bill Date Koha item type Checked out Date last borrowed
    Dewey Decimal Classification     B.Tech(ECE) PIET C-LIBRARY PIET C-LIBRARY 23/03/2024 Zafaa Books and Distributors In rupees 820.00 ZBD0462   006.31 FEM 36643 27/04/2024 557.60 23/03/2024 Reference Books    
    Dewey Decimal Classification     B.Tech(ECE) PIET C-LIBRARY PIET C-LIBRARY 23/03/2024 Zafaa Books and Distributors In rupees 820.00 ZBD0462   006.31 FEM 36644 27/04/2024 557.60 23/03/2024 Text Books    
    Dewey Decimal Classification     B.Tech(ECE) PIET C-LIBRARY PIET C-LIBRARY 23/03/2024 Zafaa Books and Distributors In rupees 820.00 ZBD0462   006.31 FEM 36645 27/04/2024 557.60 23/03/2024 Text Books    
    Dewey Decimal Classification     B.Tech(ECE) PIET C-LIBRARY PIET C-LIBRARY 23/03/2024 Zafaa Books and Distributors In rupees 820.00 ZBD0462   006.31 FEM 36646 27/04/2024 557.60 23/03/2024 Text Books    
    Dewey Decimal Classification     B.Tech(ECE) PIET C-LIBRARY PIET C-LIBRARY 23/03/2024 Zafaa Books and Distributors In rupees 820.00 ZBD0462 1 006.31 FEM 36647 13/03/2025 557.60 23/03/2024 Text Books 29/09/2025 13/03/2025

Design & Developed by: PIET Central Library
R70 Miles Stone Pattikalyana Samalkha Panipat 132102
mail ID :- [email protected], Phone No:- 0180-2569700 Ex.216